| 000 | 05946nam a22003377a 4500 | ||
|---|---|---|---|
| 001 | TZ 0028 | ||
| 003 | gtcocun | ||
| 005 | 20251006174716.0 | ||
| 006 | a||||gr|||| 00| 0 | ||
| 007 | ta | ||
| 008 | 251006b2006 gt ||||| m||| 00| 0 eng d | ||
| 040 |
_agtcocun _bSPA _cgtcocun _eRDA |
||
| 041 | _aSPA TZ 0028 | ||
| 084 | _0TZ 0028 | ||
| 100 |
_aCoy Pop, Mario Rigoberto _eAutor |
||
| 245 |
_aEVALUACIÓN DEL POTENCIAL ACARICIDA DEL FRUTO DEL GUA`CH TZI’ (Phytolacca icosandra L.), EN EL TRATAMIENTO DE LA SARCOPTIOSIS EN CERDOS (Sus scrofa), EN SAN CRISTÓBAL VERAPAZ, ALTA VERAPAZ./ _cMario Rigoberto Coy Pop. _hImpreso |
||
| 264 |
_aCobán, Alta Verapaz: _bUniversidad de San Carlos de Guatemala, Centro Universitario del Norte, Zootecnia _c2006 |
||
| 300 |
_a37 p.: _bIlustraciones, gráficas. _c28 cm; |
||
| 336 |
_2rdacontenido _aTexto _btxt |
||
| 337 |
_2rdamedio _aComputadora _bn |
||
| 338 |
_2rdasoporte _aCódigo en línea _bcr |
||
| 502 | _eTZ 0028 | ||
| 502 |
_aTesis de grado _bZootecnia, _cUniversidad de San Carlos de Guatemala, Centro Universitario del Norte, Zootecnia _d2006 _oTZ 0028 |
||
| 520 | 1 | 4 | _aEsta investigación se realizó en el municipio de San Cristóbal Verapaz, Departamento de Alta Verapaz. El estudio consistió en evaluar el potencial acaricída del fruto de Gua`ch Tzi ́ (Phytolacca icosandra L.), en el tratamiento de la sarcoptiosis en cerdos (Sus scrofa). Para éste se utilizó el diseño de bloques al azar, con cuatro tratamientos, más el testigo y tres repeticiones (bloques); se consideró a cada animal como unidad experimental, empleándose para tal fin un total de 15 cerdos. Los tratamientos utilizados fueron: T1 (21.50 g. de extracto, obtenidos de 138 g. del fruto de Gua`ch Tzi`, diluidos en 2000 g. de agua, equivalentes a 1.05 por cien de principio activo), T2 (71.66 g. de extracto, obtenidos de 460 g. del fruto de Gua`ch Tzi`, diluidos en 2000 g. de agua, equivalentes a 3.46 por cien de principio activo), T3 (143.32 g. de extracto, obtenidos de 920 g. del fruto de Gua`ch Tzi`, diluidos en 2000 g. de agua, equivalentes a 6.67 por cien de principio activo), T4 (214.98 g. de extracto, obtenidos de 1380 g. del fruto de Gua`ch Tzi`, diluidos en 2000 g. de agua, equivalentes a 9.70 por cien de principio activo) y T5 (testigo, cero tratamiento). Los resultados obtenidos de la variable evaluada: mortandad de ácaros (Sarcoptes scabiei), variedad suis, en cerdos (Sus scrofa) por centímetro cuadrado de raspados de piel, transformados en seno inverso de la raíz del porcentaje, muestran que el T3 superó a los testigos de los tres bloques; por tanto, sí existe diferencia significativa en cuanto a efecto del potencial acaricida para el tratamiento de la sarcoptiosis ejercido en los animales bajo estudio en comparación a los testigos. El análisis de varianza del porcentaje de mortandad de ácaros (Sarcoptes scabiei), variedad suis en cerdos (Sus scrofa) por centímetro cuadrado de piel; las tres aplicaciones de las diferentes concentraciones arrojaron pr>f (probabilidades de error tip uno máximo permisible igual cero punto cero cinco) (0.0272, 0.056 y 0.0275, correlativamente sí son significativos por ser menores al alfa (α) del cinco por cien. Esto significa, que hubo existencia de una relación funcional entre dos variables, donde Ti (efectos de la i – Eij concentración del acaricida botánico); donde (yij) fue la respuesta que se midió o evaluó, en este caso la densidad de ácaros por centímetro cuadrado de raspado de piel, traducido a porcentaje de mortandad de ácaros, en tres repeticiones (bloques) con relación al testigo (cero tratamiento); por tanto, Ti influyó sobre la (yij) en tres procedimientos. De acuerdo con esta técnica estadística (análisis de la variación o análisis de la varianza), permite probar la hipótesis que en su momento se planteó: El extracto del fruto de Gua`ch Tzi` (Phytolacca icosandra L.) posee efecto acaricida contra el ácaro (Sarcoptes scabiei) variedad suis. Las pruebas de Tukey de los tratamientos evaluados (T1, T2, T3 y T4), no presentaron diferencias significativas entre sí, puesto que en las tres aplicaciones dieron indicio de una relación moderadamente funcional. El tratamiento equivalente a 9.70 por cien de principio activo, no fue objeto de análisis en el modelo estadístico del Diseño de Bloques Completamente al Azar (DBCA), por provocar irritación excesiva, stress, postración y muerte en las unidades experimentales en el momento de la aplicación del compuesto botánico; asimismo, dicho compuesto mostró serios problemas para su aplicación, pues su consistencia pastosa impidió la utilización de una bomba asperjadora. Por lo tanto se recomienda utilizar el tratamiento que corresponde al 6.77 por cien de producto activo de fruto de Gua`ch Tzi` (Phytolacca icosandra L.), para combatir la sarcoptiosis en cerdos (Sus scfrofa). No obstante evitar el uso del tratamiento que corresponde al 9.70 por cien de principio activo, en vista que puede provocar problemas tóxicos en cerdos. A la vez efectuar otros estudios del potencial acaricida del fruto de la planta en mención, pero considerando intervalos más cortos entre aplicaciones del producto para encontrar la dosis ideal. Como también se tome en cuenta la sanidad y nutrición de los cerdos pasos fundamentales para lograr contrarrestar la sarcoptiosis en la producción porcina. |
| 650 | 1 | 4 |
_2LEMB _aSan Cristóbal Verapaz, Alta Verapaz. _xZootecnia _xSarcoptiosis _xMortandad de ácaros _xAcaricida _xBotánico _xProducción porcina |
| 700 |
_aLic. Zoot. Julio Antonio Estrada Osorio _eAsesor |
||
| 700 | _aIng. Agr. M. Sc. Luis Humberto Ortíz Castillo. | ||
| 856 |
_uhttps://drive.google.com/file/d/1pkIX3SwTsss6q7-t8-eW-Sjae5fTszp2/view _yPDF _zUn ejemplar en línea. |
||
| 942 |
_2ddc _cTES _iTZ 0028 _kClasificación _n0 _6TZ_0028_000000000000000 |
||
| 999 |
_c2238 _d2238 |
||